01999nam a2200313 i 4500003000900000005001700009006001900026007000300045008004100048020001700089040003000106082001400136100004100150245019300191264006600384300005700450336002700507337003300534338002800567490002600595505069400621590002701315650004701342650005001389700006501439942001401504952015001518999001701668DO-SdBNP20240806112953.0a||||gr|||| 00| 0 ta240806e1982 dr ah||| |||| 00| e spa d a8460025039  aDO-SdBNPbspacBNPHUerda 4222bR175c1 aRamos Pérez, Demetrio94779eautor10aEl conflicto de las lanzas jinetas:bel primer alzamiento en tierra americana, durante el segundo viaje colombino /cDemetrio Ramos Pérez; introducción, Manuel Ant. García Arévalo.1 aSanto Domingo :bFundación García - Arévalo, Inc,c1982 a190 páginas :bilustraciones, facsímil ;c22 cm. 2rdacontentatextobtxt 2rdamediaasin mediaciónbn 2rdacarrieravolumenbnc aInvestigaciones ;v12 aIntroducción, por manuel A. García Arévalo.tCap. I: Los condicionamientos del segundo viaje colombino.-- Cap. II: La Veinte Lanzas Jinetas de la Hermandad.-- Cap. III: Los hombres de las lanzas y sus capitanes de procedencia.-- Cap. IV: La primera fase del conflicto de los caballeros, tras la fundación de la Isabela.-- Cap. V: Los caballeros en el Cibao: La segunda fase del conflicto.-- VI: El enfrentamiento de la Isabela: La crisis provocada por Bartolomé Colón.-- tCap. VII: La culminación del enfrentamiento: Una lección de prudencia.-- Cap. VIII: La Primera querella inidana ante la Corte: La tramitación del caso.-- Apéndice documental.-- Índice General. aInventariado 2024 / MF 4aColonizaciónxHistoria941261zAmérica 4aDescubrimiento y Conquista 960145zAmérica1 a García Arévalo, Manuel Antoniod1948-959457eprólogo 2ddccLBS1 00102ddc51708PDaBNPHUbBNPHUcHDd2023-08-06eDonado por la Presidencia de la Repúblical0oR175cp2024-4695r2024-08-06w2024-08-06yLBS1 c57382d57382